Österreichische Bezirke nach Grenzen - Statistiken

Allgemein
  • Dieses Quiz wurde 126 mal gespielt
    113 seit der letzten Aktualisierung
  • Das Durchschnittsergebnis liegt bei 16 aus 21
Antwortstatistiken
Alle angrenzende Bezirke Gefragter Bezirk % Korrekt
St. Pölten-Land St. Pölten
99%
Bregenz & Feldkirch Dornbirn
94%
Bruck an der Leitha, Gänserndorf, Korneuburg, Mödling, St. Pölten-Land & Tulln Wien
86%
Kufstein, Schwaz & Zell am See Kitzbühel
84%
Gänserndorf, Hollabrunn & Korneuburg Mistelbach
82%
Bruck an der Leitha, Eisenstadt-Umgebung & Rust Neusiedl am See
82%
Baden, Bruck an der Leitha, St. Pölten-Land & Wien Mödling
78%
Linz-Land, Perg & Urfahr-Umgebung Linz
76%
Lienz, Spittal an der Drau & Villach-Land Hermagor
72%
Innsbruck-Land, Landeck und Reutte Imst
71%
Hermagor, Spittal an der Drau & Zell am See Lienz
71%
Salzburg-Umgebung, Ried im Innkreis & Vöcklabruck Braunau am Inn
69%
Gmunden, Gröbming (Liezen), Hallein, Spittal an der Drau, Tamsweg & Zell am See St. Johann im Pongau
68%
Klagenfurt-Land, St. Veit an der Glan & Wolfsberg Völkermarkt
68%
Amstetten, Scheibbs & Steyr-Land Waidhofen an der Ybbs
68%
Freistadt, Waidhofen an der Thaya & Zwettl Gmünd
67%
Hartberg-Fürstenfeld, Jennersdorf & Oberwart Güssing
66%
Deutschlandsberg, Graz-Umgebung & Südoststeiermark Leibnitz
66%
Graz-Umgebung, Leoben, Liezen, Lilienfeld, Neunkirchen, Scheibbs & Weiz Bruck-Mürzzuschlag
64%
Hollabrunn, Krems-Land, Waidhofen an der Thaya & Zwettl Horn
64%
Braunau am Inn, Gmunden, Hallein, Salzburg & Vöcklabruck Salzburg-Umgebung
62%
Keine übereinstimmenden Quizze gefunden
Verteilung der Resultate
Anzahl Personen mit jedem Resultat
Perzentil nach korrekt beantworteten Fragen
Ihre Resultats-Entwicklung
Sie haben dieses Quiz seit der letzten Aktualisierung nicht gespielt